[Event "EU-Cup 13th Group3"]
[Site "Slough"]
[Date "1997.09.23"]
[Round "2"]
[White "Chernin, Alexander"]
[Black "Van der Wiel, John"]
[Result "1-0"]
[WhiteElo "2640"]
[BlackElo "2525"]
[Annotator "Horn,Pe"]
[PlyCount "49"]
[EventDate "1997.09.22"]
[EventType "team-k.o."]
[EventRounds "3"]
[EventCountry "ENG"]
[SourceTitle "EXT 2020"]
[Source "ChessBase"]
[SourceDate "2019.10.17"]
[SourceVersion "1"]
[SourceVersionDate "2019.10.17"]
[SourceQuality "1"]
[WhiteTeam "Graz Merkur Versicherung"]
[BlackTeam "Breda Panfox"]
[WhiteTeamCountry "AUT"]
[BlackTeamCountry "NED"]

1. Nf3 d6 2. g3 e5 3. Bg2 f5 4. c4 {->A20} Nf6 5. b4 $146 (5. Nc3 c6 (5... Nc6
6. d4 e4 7. Ng5 h6 8. Nh3 g5 9. f3 exf3 10. exf3 Bg7 11. O-O O-O 12. f4 g4 13.
Nf2 Re8 14. d5 Ne7 15. Bd2 h5 16. Re1 h4 17. Ne2 Nh5 18. Qc2 Ng6 19. Bc3 hxg3
20. hxg3 {Stolte,A-Sandmann,B/NRW-I 1990/BIG 90/1/2-1/2 (52)}) 6. d4 (6. O-O
Be7 7. c5 O-O 8. d3 Nbd7 9. cxd6 Bxd6 10. b4 Qe7 11. b5 c5 12. Bb2 Kh8 13. Nd2
Rd8 14. a4 a6 15. Nc4 axb5 16. Nxd6 Qxd6 17. Nxb5 Qe7 18. Qc2 e4 19. dxe4 Nxe4
20. Nc7 Rb8 {Trofimova,O-Martyniuk,T/EU-chJW U20 1996/JUN 97/1-0 (31)}) 6... e4
7. Ng5 h6 8. Nh3 g5 9. Ng1 d5 10. cxd5 Nxd5 11. f3 Bb4 12. e3 Nxc3 13. bxc3
Bxc3+ 14. Bd2 Bxa1 15. Qxa1 exf3 16. Nxf3 O-O 17. h4 g4 18. Ne5 Qd6 19. Kf2 Nd7
{Fabiano,G-Arlandi,E/Catania op 1994/EXT 94op/0-1 (36)}) (5. O-O g6 6. b4 Bg7
7. Bb2 O-O 8. d3 Kh8 9. Nc3 a6 10. Qa4 Nbd7 11. Rac1 c6 12. b5 Nb6 13. Qb3 axb5
14. cxb5 c5 15. e4 Qe7 16. Rfe1 Be6 17. Qc2 fxe4 18. dxe4 Bxa2 19. Nxa2 Rxa2 {
Loeffler,S-Meyer,C/BL2-N 1993/BL2/1-0 (48)}) 5... e4 6. Nd4 d5 {Van der Wiel
ist ein Spieler, der gerne schon fr�h in der Partie nach Komplikationen
strebt.} (6... c5 $5) 7. cxd5 Nxd5 8. b5 Nf4 (8... Bc5 9. Nb3 (9. Bb2 $6 Qf6
10. e3 Nb4 11. Bf1 Nd7 $132) 9... Bb6 10. O-O $14) 9. gxf4 Qxd4 10. Nc3 Bc5 (
10... Nd7 {Vielleicht h�tte Schwarz seinen wunden Punkt (><g7) so besser
sch�tzen k�nnen.}) 11. e3 Qc4 12. Bb2 O-O (12... Nd7 13. Rc1) 13. Rg1 $1 {
mit Riesen-Waschkraft.} Rf7 (13... c6 14. Bf1 $18) (13... Qf7 14. Bxe4 fxe4 15.
Nxe4 $16) 14. Rc1 Qb4 (14... Qe6 15. Nxe4 fxe4 16. Rxc5 $16) 15. Qc2 Bd6 16.
Nd5 $1 Qxb5 (16... Qa5 17. Bf1 $40) 17. Nf6+ $18 Kh8 18. Bf1 Qxb2 (18... Qc6
19. Qd1 Qb6 20. Qh5 $18) 19. Qxb2 Rxf6 20. Qxf6 {Es ging auch anders: das ist
aber besonders h�bsch und dabei auch noch ganz klar.} gxf6 21. Bc4 Be6 22.
Bxe6 Na6 23. Ke2 Nc5 24. Bxf5 Rd8 25. Rg3 1-0

[Event "Haninge"]
[Site "Haninge"]
[Date "1992.??.??"]
[Round "10"]
[White "Kengis, Edvins"]
[Black "Ernst, Thomas"]
[Result "1/2-1/2"]
[WhiteElo "2575"]
[BlackElo "2535"]
[Annotator "Horn,Pe"]
[PlyCount "45"]
[EventDate "1992.05.??"]
[EventType "schev"]
[EventRounds "5"]
[EventCountry "SWE"]
[SourceTitle "CBM 030"]
[Source "ChessBase"]
[SourceDate "1992.10.01"]
[SourceVersion "1"]
[SourceVersionDate "1992.10.01"]
[SourceQuality "1"]

1. Nf3 {Ernst} c5 2. g3 Nc6 3. Bg2 e5 4. O-O g6 5. c3 (5. c4 Bg7 6. Nc3 {->C3})
(5. e4 Bg7 6. c3 Nge7 7. d4 $5 $13 {Nijboer-T.Ernst, Groningen 1991}) 5... Bg7
(5... d5 6. d4 cxd4 7. cxd4 e4 8. Ne5 Bg7 9. Nxc6 bxc6 10. Nc3 Ne7 $10 {
Dizdar-Cramling, Barcelona 1991}) 6. d4 cxd4 7. cxd4 exd4 8. Na3 Nge7 (8... a6
9. Nc2 $14) 9. Nb5 Nf5 10. Bf4 O-O $8 11. g4 Nh4 12. Nxh4 (12. Nfxd4 $2 Nxg2
13. Kxg2 Nxd4 14. Nxd4 d5 $15) 12... Qxh4 13. h3 (13. Bf3 {Ernst} d6 14. Bxd6
Bxg4 $17) 13... h5 14. Nc7 Rb8 15. Bg3 (15. Nd5 {Ernst} hxg4 16. Bxb8 Nxb8 17.
hxg4 Nc6 $1 $44) 15... Qg5 16. Qc1 Qxc1 17. Raxc1 hxg4 18. Bd6 (18. hxg4 d6)
18... gxh3 19. Bxh3 Rd8 20. Nd5 Ra8 21. Nc7 Rb8 22. Nd5 Ra8 (22... Be5 $2 {
Ernst} 23. Bxb8 $1 Bxb8 24. b4 $16) 23. Nc7 $44 (23. f4 {Ernst} b6 24. Bg2 Ba6
$132) 1/2-1/2

[Event "Bermuda-A"]
[Site "Bermuda"]
[Date "2003.01.25"]
[Round "1"]
[White "Vescovi, Giovanni P"]
[Black "Markowski, Tomasz"]
[Result "1-0"]
[WhiteElo "2592"]
[BlackElo "2574"]
[Annotator "Horn,Pe"]
[PlyCount "117"]
[EventDate "2003.01.25"]
[EventType "tourn"]
[EventRounds "11"]
[EventCountry "BER"]
[EventCategory "15"]
[SourceTitle "CBM 094"]
[Source "ChessBase"]
[SourceDate "2003.05.26"]
[SourceVersion "1"]
[SourceVersionDate "2003.05.26"]
[SourceQuality "1"]

1. e4 c5 2. Nf3 e6 3. d3 Nc6 4. g3 g6 5. Bg2 Bg7 6. O-O Nge7 7. c3 O-O (7... e5
{vermeidet den in der Partie entstehenden Stellungstyp.}) 8. d4 cxd4 9. cxd4 d5
10. e5 f6 11. Re1 fxe5 (11... Nf5) 12. dxe5 h6 13. h4 Nf5 14. Nc3 {In dieser
Stellung hat Weiß gute Ergebnisse vorzuweisen.} Bd7 15. Bf4 Rc8 (15... Be8 16.
Qd2 Rc8 (16... Qb6 $6 17. Rad1 Rd8 18. Na4 Qb5 $2 19. b3 Kh7 20. Bf1 Qb4 21.
Qxb4 Nxb4 22. Nc5 Bf7 23. a3 $1 $18 {Ljubojevic,L-Timman,J/Hilversum 1973}) 17.
Rac1 (17. Rad1 $1) 17... Rc7 18. Nh2 Rcf7 19. Ng4 (19. Bxd5 $5 exd5 20. e6)
19... Kh7 20. b3 Nxh4 $1 $17 {Morozevich,A-McDonald,N/Birmingham 2002; Daß
Weiß die Partie später gewann, liegt nach meiner Meinung kaum an dieser
Stellung.}) 16. Qd2 Kh7 (16... Be8 {leitet in die oben erwähnte Partie
Morozevich-McDonald über.}) 17. Rad1 $146 ({Weniger gefällt mir} 17. Rac1 Qe7 {
Doeres,H-Ruecker,B/Bad Zwesten 2002}) 17... Qa5 18. Nh2 d4 19. Ng4 h5 ({
Zu wilden Verwicklungen führt} 19... dxc3 20. Qxd7 Rc7 21. Qxe6 c2 {
Möglicherweise wäre Schwarz damit besser gefahren als in der Partie, z.B.:} 22.
Rc1 Ncd4 23. Qd5 Qxd5 24. Bxd5 Nxh4) 20. Nf6+ Bxf6 21. exf6 e5 22. Bg5 Be6 23.
Ne4 Bd5 $2 {Danach geht mindestens ein P verloren; aber auch die Alternativen
riechen nach Problemen.} (23... Qxa2 24. Nc5) (23... Qxd2 24. Rxd2 Bxa2 25. Nc5
) 24. Qxa5 Nxa5 25. Nd6 $1 $18 Bxg2 ({Nach} 25... Nxd6 26. Bxd5 $18 {fällt der
Pe5.}) 26. Nxc8 Bf3 27. Rc1 Nc6 28. Ne7 Nfxe7 29. fxe7 Re8 30. Rxc6 {Eine
pragmatische Lösung: Weiß vereinfacht die Lage. Die ungleichfarbigen Läufer
geben Schwarz bei den Giganten Pe7+Bg5 wenig Remischancen.} bxc6 31. Rxe5 Bd5
32. b3 Kg7 33. Kf1 a5 34. Ke2 a4 35. bxa4 Kf7 36. Kd3 Ra8 37. a5 Ke8 38. Bd2
Rb8 39. Kxd4 Rb2 40. Kc3 Rxa2 41. Kd3 Ra3+ 42. Kd4 Ra2 43. Be1 Rc2 44. Bc3 Rxf2
45. Re3 Ra2 46. Kc5 Ra3 (46... Bg2 47. Kd6) 47. Kd6 Bg2 48. Bd2 Ra2 (48... Rxe3
49. Bxe3 Bf1 50. Bc5 $18 {[%cal Yd6c7,Yc7b7]}) 49. Bb4 c5 50. Kxc5 Rc2+ 51. Kb5
Rc8 52. Bc5 Rb8+ 53. Kc4 Bf1+ 54. Kd4 Rb1 55. Rf3 Rd1+ 56. Ke5 Kd7 57. Rf8 Re1+
58. Kf6 Re6+ 59. Kg7 (59. Kg7 Bb5 60. a6 $18) 1-0

[Event "Interpolis"]
[Site "Tilburg"]
[Date "1992.10.08"]
[Round "1.1"]
[White "Damljanovic, Branko"]
[Black "Christiansen, Larry Mark"]
[Result "0-1"]
[WhiteElo "2595"]
[BlackElo "2625"]
[Annotator "Horn,Pe"]
[PlyCount "76"]
[EventDate "1992.10.08"]
[EventType "k.o."]
[EventRounds "7"]
[EventCountry "NED"]
[SourceTitle "CBM 032"]
[Source "ChessBase"]
[SourceDate "1993.02.01"]
[SourceVersion "1"]
[SourceVersionDate "1993.02.01"]
[SourceQuality "1"]

1. Nf3 c5 2. g3 Nc6 3. Bg2 g6 4. O-O Bg7 5. c3 e5 6. e4 Nge7 7. d3 O-O 8. a3 (
8. a4) 8... d6 9. b4 b6 (9... a6 10. Nbd2 h6 11. Re1 Be6 12. Nb3 c4 13. dxc4
Bxc4 14. Nfd2 Be6 15. c4 b5 $13 {Piskur-Panchenko, Bled op 1992}) (9... cxb4
10. axb4 b5 11. Na3 (11. Nbd2 h6 12. Bb2 Qb6 13. Ne1 Be6 14. Nc2 Rad8 15. Qe2
f5 16. Ne3 {Spraggett-Hergott, CAN-ch 1989}) 11... Rb8 12. Nc2 (12. Be3 a5 $10
(12... f5 $5) (12... a6 13. d4 $36 {Chernin-Bykhovsky, Irkutsk 1983})) 12... d5
13. Be3 d4 14. cxd4 exd4 15. Bf4 $16 {Todorcevic-M.Gurevich, Marseille 1988}) (
9... h6 10. Nbd2 (10. Be3 b6 11. Nbd2 Be6 12. b5 Na5 13. d4) 10... f5 11. Bb2
f4 12. Nb3 b6 13. b5 Nb8 14. d4 Qc7 15. gxf4 Rxf4 $13 {Studenetzky-Szmetan,
New York 1983}) 10. Nbd2 h6 {/\ Be6} 11. Bb2 (11. Nc4 Be6 12. b5 $2 Bxc4 13.
dxc4 Na5 $17 {Toran-Larsen, Palma de Mallorca 1987}) 11... Be6 (11... Ba6 $6
12. Qb1 Rb8 13. Re1 f5 14. c4 Bb7 15. b5 Nd4 16. Bxd4 exd4 17. exf5 Nxf5 18. a4
a5 19. h4 $10 {Stean-Wedberg, Gausdal 1982}) 12. b5 {N} (12. Rb1 f5 (12... b5
13. Re1 a5 14. a4 cxb4 15. axb5 Na7 16. c4 g5 17. Nf1 {Steinert-Cvitan, Suhr
op 1990}) 13. Qe2 Rc8 14. Rfd1 g5 15. exf5 Nxf5 16. b5 Nce7 17. d4 Ng6 18. dxe5
d5 $1 {Casper-Razuvaev, Jurmala 1987}) (12. Re1 Qd7 13. Rb1 Rad8 14. b5 Na5 15.
a4 f5 16. d4 fxe4 17. Nxe4 Bb3 18. Qc1 Bxa4 19. dxe5 dxe5 20. c4 Qd3 21. Nxe5 {
Todorcevic-Mednis, Palma GMA op 1989}) 12... Na5 13. c4 (13. d4 $6 exd4 14.
cxd4 Nc4 $17) 13... Qd7 {/\ Rad8,f5} 14. Ne1 Rad8 15. Nc2 (15. f4 f5 $15) 15...
f5 16. Ne3 $6 (16. exf5 gxf5 17. Qe2 $13) (16. f4 exf4 17. Bxg7 Kxg7 18. Rxf4
g5 19. Rf2 f4) 16... f4 17. Nd5 Rf7 18. Bc3 $2 (18. gxf4 Bxd5 (18... exf4 19.
Bxg7 Kxg7 20. Qc1 Nxd5 21. exd5 Bh3 22. Qc3+ Kh7 23. Bxh3 Qxh3 24. f3) 19. exd5
Rxf4 $13) 18... Rdf8 19. f3 (19. Bxa5 bxa5 20. Qa4 f3 (20... h5 $5) 21. Bh1
Nxd5 22. cxd5 (22. exd5 Bh3 23. Rfe1 e4) 22... Bh3 23. Rfe1 h5 $40) 19... h5
20. a4 (20. Bxa5 bxa5 21. Rb1) 20... Bh6 $19 (20... Nb7 21. a5) 21. Bxa5 bxa5
22. Kf2 g5 23. Qe2 g4 24. Ke1 Ng6 25. Kd1 fxg3 26. hxg3 h4 $1 27. Kc2 (27. gxh4
Nxh4 28. Kc2 gxf3 29. Nxf3 Bg4 $19) 27... hxg3 28. Rh1 Bxd2 29. Qxd2 gxf3 30.
Qg5 fxg2 31. Rh6 Bxd5 32. Rg1 $6 (32. Rxg6+ Rg7 33. cxd5 Qf7 $19) 32... Rg7 33.
cxd5 Rf2+ 34. Kb3 Qf7 35. b6 axb6 36. Qd8+ Qf8 37. Qg5 c4+ 38. Kxc4 Qc8+ 0-1

[Event "RUS-Cup4"]
[Site "Perm"]
[Date "1997.02.08"]
[Round "1"]
[White "Sadvakasov, Darmen"]
[Black "Landa, Konstantin"]
[Result "0-1"]
[WhiteElo "2405"]
[BlackElo "2570"]
[Annotator "Horn,Pe"]
[PlyCount "108"]
[EventDate "1997.02.02"]
[EventType "swiss"]
[EventRounds "9"]
[EventCountry "RUS"]
[SourceTitle "CBM 058"]
[Source "ChessBase"]
[SourceDate "1997.06.01"]
[SourceVersion "1"]
[SourceVersionDate "1997.06.01"]
[SourceQuality "1"]

1. e4 c5 2. Nf3 e6 3. d3 Nc6 4. g3 g6 5. Bg2 Bg7 6. c3 Nge7 7. O-O O-O 8. Be3 {
[%cal Yd3d4] /\ d4} d6 (8... b6) 9. d4 (9. Na3 $5 b6 10. d4 cxd4 11. Nxd4 Bb7
12. Qa4 d5 13. exd5 Nxd4 14. Bxd4 Bxd4 15. Qxd4 Bxd5 16. Rfd1 Bxg2 17. Kxg2 Qc7
18. Qd7 Qxd7 19. Rxd7 $14 {Xie Jun-Brunner/Baden Baden-B/1992}) (9. Qd2 {
[%cal Ye3h6]}) 9... cxd4 10. Nxd4 (10. cxd4 {Dieser Zug hat den Nachteil, daß
nach der Beseitigung des Pe4 Nf5 mit Angriff auf den Be3 erfolgt.} Qb6 (10...
d5 11. e5 Nf5 12. Nc3 f6 13. exf6 Qxf6 (13... Bxf6) 14. Bg5 Qf7 $132) (10... f5
11. Nc3 fxe4 12. Nxe4 Nf5 $132) 11. Qd2 d5 12. e5 Nf5 13. Nc3 f6 14. exf6 Bxf6
$132) 10... Na5 $146 {[%cal Ya5c4]} (10... Nxd4 11. Bxd4 e5 12. Be3 Be6 13. Na3
a6 (13... d5 14. Bc5 d4 15. Rc1 $2 (15. cxd4 exd4 16. f4 $13) 15... b6 16. Bxe7
Qxe7 17. cxd4 exd4 $17 {Schulenburg-Postler/BL2-N/1992}) 14. Qd2 Qc7 15. c4 f5
(15... Rac8 $6 16. b3 b6 17. Rac1 Nc6 18. Nc2 $14 {Seibold-Kleschtschow/2.BLO/
1993}) 16. Rad1 Rad8 17. exf5 Nxf5 18. Bd5 {1/2-1/2 Casper,T-Heissler,J/BL9192
1992}) (10... d5 11. exd5 Nxd4 (11... exd5 12. Na3 Ne5 13. h3 a6 14. Qb3 b5 15.
f4 Nc4 16. Nxc4 dxc4 17. Qa3 Rb8 18. Rad1 Qc7 19. Nc2 Nf5 20. Bf2 Bb7 21. Qc5
Qxc5 22. Bxc5 Bxg2 23. Kxg2 Rfe8 24. g4 $14 {Grzesik,T-Schlotter,D/RLNS/1989})
12. Bxd4 Nxd5 13. Bxg7 Kxg7 14. c4 (14. Qd4+ $5 {[%cal Yf1d1] /\ Rd1}) 14...
Nf6 15. Nc3 Qc7 16. b3 Rd8 (16... Bd7 $5 {[%cal Yd7c6]}) 17. Qf3 $14 {Galego,
L-Costa,F/Lisboa/1995}) 11. Na3 d5 12. Nb3 (12. f4 $5) 12... Nac6 (12... Nxb3
13. axb3 $14) 13. Qe2 {[%cal Yf1d1]} a6 14. Rfd1 (14. Rad1 $5 Qc7 $140 15. exd5
Nxd5 16. Bc1) 14... Qc7 15. exd5 Nxd5 16. Bc5 (16. Bxd5 exd5 17. Rxd5 $13 {
[%csl Gc8]}) 16... Rd8 17. Bxd5 {Den fianchettierten B gibt man natürlich
nicht so gerne her. Hier gab es auch solidere Möglichkeiten. Aber diese
scharfe Fortsetzung scheint auch nicht schlecht zu sein.} (17. Nc4 $5 Nce7 (
17... b5 18. Bxd5 Rxd5 19. Rxd5 bxc4 20. Bd6 $16) 18. Bxe7 Nxe7 $8 19. Rxd8+
Qxd8 20. Rd1 Qc7 21. Qd3 $36 (21. Nd6 $36 {[%csl Rb7][%cal Yd6e8]})) (17. c4
Nf6 (17... Ndb4 $6 18. Rxd8+ Qxd8 19. Rd1 Qf6 20. Qd2 $36) 18. Rxd8+ Qxd8 19.
Rd1 $36) 17... exd5 18. Rxd5 Be6 (18... Rxd5 $4 19. Qe8+ Bf8 20. Qxf8#) 19.
Rxd8+ Rxd8 20. Nc4 (20. Rd1) 20... h5 21. Be3 (21. Bb6 $2 Bxc4 22. Bxc7 Bxe2
23. Bxd8 Nxd8 24. Re1 Bb5 $17) 21... Qe7 22. Bb6 Rd5 23. Re1 h4 (23... Rb5 $14)
24. g4 h3 (24... Rg5 25. h3 $16) 25. f3 Rb5 26. Bf2 a5 27. Ncxa5 $2 (27. Ne3 $1
Re5 (27... Na7 28. c4 Re5 29. f4 $18) 28. Bg3 Bc4 29. Qf2 Bxb3 30. axb3 Re6 31.
Nc2 $16) 27... Rxa5 28. Nxa5 Nxa5 29. c4 $6 (29. Qf1 $142) 29... Nc6 30. b3 Qf6
{[%csl Rf3][%cal Rc6e5]} 31. Qe4 Ne5 32. Re3 $8 Qd8 33. Re1 (33. Qxb7 $2 Qd1+
34. Be1 Nxc4 $19 {[%cal Rg7d4]}) (33. Be1 f5 $40) 33... Bd7 34. Qd5 (34. Rd1
Qc8 $19 {[%csl Rf3]}) 34... Qf6 $19 {[%csl Rf3]} 35. Rxe5 Qxe5 36. Qxe5 Bxe5
37. Bg3 Bd4+ 38. Kf1 Bc6 39. Ke2 Kf8 40. b4 b6 41. Bf4 Ke7 42. Be3 Be5 43. f4
Bc7 44. g5 f6 45. gxf6+ Kxf6 46. b5 Bd7 47. Kf3 Kf5 48. a4 Be6 49. c5 bxc5 50.
a5 Bxa5 51. Bxc5 Be1 52. Bg1 Bd5+ 53. Ke2 Ba5 54. Be3 Bc4+ 0-1

[Event "Baden-Baden-B"]
[Site "Baden-Baden"]
[Date "1992.12.11"]
[Round "6"]
[White "Xie, Jun"]
[Black "Brunner, Lucas"]
[Result "1-0"]
[WhiteElo "2480"]
[BlackElo "2490"]
[Annotator "Horn,Pe"]
[PlyCount "95"]
[EventDate "1992.12.??"]
[EventType "tourn"]
[EventRounds "11"]
[EventCountry "GER"]
[EventCategory "11"]
[SourceTitle "CBM 033"]
[Source "ChessBase"]
[SourceDate "1993.04.01"]
[SourceVersion "1"]
[SourceVersionDate "1993.04.01"]
[SourceQuality "1"]

1. e4 c5 2. Nf3 e6 3. d3 Nc6 4. g3 g6 5. Bg2 Bg7 6. O-O Nge7 7. c3 O-O (7... e5
) 8. Be3 (8. d4 $5 cxd4 9. cxd4 Qb6 $5) 8... d6 (8... b6 $1 9. d4 cxd4 10. Nxd4
Bb7 11. Nxc6 Bxc6 12. Qd6 Nc8 13. Qd2 Qc7 14. Na3 Qb7 15. Rfe1 b5 $132 {
Radulov-Taimanov, Leningrad izt 1973}) 9. Na3 b6 10. d4 cxd4 11. Nxd4 Bb7 12.
Qa4 d5 (12... a6) 13. exd5 Nxd4 14. Bxd4 Bxd4 15. Qxd4 Bxd5 16. Rfd1 Bxg2 17.
Kxg2 Qc7 18. Qd7 Qxd7 19. Rxd7 Nd5 20. Rd1 Rfd8 21. Rxd8+ Rxd8 22. Kf3 (22. c4
$4 Ne3+ $19) 22... Rc8 23. Ke2 Kf8 24. Rd4 Ke7 25. Ra4 a5 26. Rc4 Rxc4 (26...
Kd7 $5) 27. Nxc4 a4 $6 (27... f6 {/\ Kd7-c6}) 28. Kd3 f6 29. Ne3 b5 30. Nc2 Kd6
31. c4 $1 Nb6 (31... bxc4+ 32. Kxc4) 32. cxb5 e5 33. f4 exf4 34. gxf4 Kc5 35.
Nd4 Nc4 36. b3 axb3 37. axb3 Nd6 38. Ne6+ Kxb5 39. Nf8 Kb4 40. Nxh7 Ne8 41. Kd4
Kxb3 42. Kd5 g5 43. Nxg5 $1 fxg5 44. fxg5 Ng7 45. h4 Nh5 46. Ke6 Kc4 47. g6 Kd4
48. Kf7 1-0

[Event "Pamplona 9293 3rd"]
[Site "Pamplona"]
[Date "1992.??.??"]
[Round "2"]
[White "Damljanovic, Branko"]
[Black "Romero Holmes, Alfonso"]
[Result "1-0"]
[WhiteElo "2595"]
[BlackElo "2470"]
[Annotator "Horn,Pe"]
[PlyCount "59"]
[EventDate "1992.12.??"]
[EventType "tourn"]
[EventRounds "9"]
[EventCountry "ESP"]
[EventCategory "13"]
[SourceTitle "CBM 033"]
[Source "ChessBase"]
[SourceDate "1993.04.01"]
[SourceVersion "1"]
[SourceVersionDate "1993.04.01"]
[SourceQuality "1"]

1. g3 g6 2. Bg2 Bg7 3. e4 c5 4. d3 Nc6 5. Nf3 e5 6. O-O Nge7 7. c3 O-O 8. a3 d6
(8... d5) 9. b4 h6 10. Nbd2 b6 11. Bb2 Be6 12. Re1 (12. b5 Na5 13. c4 Qd7 14.
Ne1 $6 Rad8 15. Nc2 f5 16. Ne3 $6 f4 $17 {Damljanovic-Christiansen, Tilburg
1992}) 12... Qd7 13. b5 Na5 14. c4 Nb7 $6 (14... Rad8 $5 {/\ f5}) 15. a4 Bh3 $6
16. Bxh3 Qxh3 17. Qe2 a5 18. Qf1 Qd7 19. Nh4 Nd8 20. f4 exf4 21. Bxg7 Kxg7 22.
gxf4 Qg4+ 23. Ng2 Ne6 24. Re3 Nd4 25. Rae1 (25. Rg3 $4 Ne2+ $19) 25... Qd7 (
25... Nc2 $2 26. Rg3) 26. Rg3 f5 27. Nf3 Nxf3+ 28. Qxf3 Qe6 $4 (28... Rae8 $14)
29. exf5 $18 Qf6 30. Rxe7+ (30. Rxe7+ Qxe7 31. Rxg6+ Kf7 (31... Kh7 32. Qh5 $18
) 32. Qd5+ Ke8 33. Qxa8+ $18) 1-0

[Event "Elenite"]
[Site "Elenite"]
[Date "1992.??.??"]
[Round "7"]
[White "Sax, Gyula"]
[Black "Manolov, Ivan"]
[Result "1/2-1/2"]
[WhiteElo "2565"]
[BlackElo "2340"]
[Annotator "Horn,Pe"]
[PlyCount "140"]
[EventDate "1992.??.??"]
[EventType "tourn"]
[EventRounds "11"]
[EventCountry "BUL"]
[EventCategory "12"]
[SourceTitle "CBM 032"]
[Source "ChessBase"]
[SourceDate "1993.02.01"]
[SourceVersion "1"]
[SourceVersionDate "1993.02.01"]
[SourceQuality "1"]

1. e4 c5 2. Nf3 e6 3. d3 Nc6 4. g3 g6 5. Bg2 Bg7 6. O-O Nge7 7. Re1 (7. c3)
7... d6 8. c3 e5 9. a3 a5 $6 (9... O-O $10) 10. a4 O-O 11. Na3 h6 12. Nb5 (12.
Nc4 Be6 13. Bd2 f5 14. exf5 gxf5 15. Qb3 $14 {Lau-Schmittdiel, Polanica Zdroj
1991}) 12... Kh7 13. d4 cxd4 14. cxd4 exd4 15. Nfxd4 d5 16. Be3 dxe4 17. Bxe4
Nxd4 {N} (17... Ne5 18. Qe2 Ng8 19. Rac1 Nf6 20. Bg2 Ne8 21. Bf4 $16 {
Gudmundsson-Winsnes, Reykjavik op 1990}) 18. Bxd4 Bxd4 19. Qxd4 Qxd4 20. Nxd4
Ng8 21. Rac1 Nf6 22. Bg2 Bd7 23. Bxb7 Rab8 24. Rc7 Kg8 (24... Bxa4 25. Ra1 $18)
25. b4 axb4 26. a5 Rbd8 27. a6 Bh3 28. Nc6 $2 (28. Rc4 $18) 28... Nd5 29. Rxf7
$2 (29. Ne7+ $1 Nxe7 30. Rcxe7 b3 31. R7e3 (31. a7 Bf5 (31... b2 $2 32. a8=Q
Rxa8 33. Bxa8 Rxa8 34. Re8+ Rxe8 35. Rxe8+ Kg7 36. Rb8 $18) 32. a8=Q Rxa8 33.
Bxa8 Rxa8 34. Re8+ Rxe8 35. Rxe8+ Kg7 36. Rb8 Be6 $10) 31... Be6 32. Rxe6 fxe6
33. Rb1 $18) 29... Kxf7 30. Nxd8+ Rxd8 31. Rd1 (31. a7 $2 Nb6 $19) 31... Be6
32. a7 b3 33. Rxd5 Rxd5 34. a8=Q b2 35. Bxd5 (35. Qa2 $4 Rd1+ $19) 35... b1=Q+
36. Kg2 Bxd5+ 37. Qxd5+ $14 Kg7 38. Qe5+ Kf7 39. Qc7+ Kf6 40. Qf4+ Kg7 41. Qe5+
Kf7 42. h4 h5 43. f3 Qc2+ 44. Kh3 Qd1 45. Qf4+ Kg7 46. Qe5+ Kf7 47. Kg2 Qd2+
48. Kf1 Qh2 49. Qd5+ Kf6 50. Qd4+ Kf7 51. Qf2 Qh1+ 52. Ke2 Qa1 53. Qb6 Qe5+ 54.
Kf2 Qc3 55. Qa7+ Kf6 56. Qa6+ Kf7 57. Qb7+ Kf6 58. Qd5 Qc2+ 59. Ke3 Qc1+ 60.
Qd2 Qg1+ 61. Kf4 Qc5 62. Qb2+ Kf7 63. Qb7+ Kf6 64. Qa6+ Kf7 65. Qa2+ Kf6 66.
Qb2+ Kf7 67. Qe5 Qc1+ 68. Ke4 Qb1+ 69. Kf4 Qc1+ 70. Qe3 Qc7+ 1/2-1/2

[Event "YUG-ch 56th"]
[Site "Herceg Novi"]
[Date "2001.04.08"]
[Round "15"]
[White "Damljanovic, Branko"]
[Black "Todorovic, Goran M"]
[Result "1-0"]
[WhiteElo "2561"]
[BlackElo "2485"]
[Annotator "Horn,Pe"]
[PlyCount "85"]
[EventDate "2001.03.23"]
[EventType "tourn"]
[EventRounds "15"]
[EventCountry "YUG"]
[EventCategory "10"]
[SourceTitle "CBM 083"]
[Source "ChessBase"]
[SourceDate "2001.07.05"]
[SourceVersion "1"]
[SourceVersionDate "2001.07.05"]
[SourceQuality "1"]

1. e4 c5 2. Nf3 e6 3. d3 Nc6 4. g3 Nge7 5. Bg2 g6 6. O-O Bg7 7. c3 O-O 8. Na3
d5 9. Re1 Rb8 10. exd5 Nxd5 11. Nc2 $146 (11. Nc4 b5 12. Nce5 (12. Ne3) 12...
Nxe5 13. Nxe5 Bb7 $132 {Czerniak,M-Schmid,L/Munich 1958}) 11... b5 ({Besser
gefällt mir} 11... e5 {. Auch dann kann Weiß} 12. d4 {spielen; Schwarz scheint
aber gute Ausgleichschancen zu haben.}) 12. d4 cxd4 13. Ncxd4 Nxd4 14. Nxd4 Rb6
15. a4 $36 {Weiß besitzt die Initiative am Damenflügel.} bxa4 (15... b4 16. c4
$16) (15... a6 16. axb5 axb5 17. Ra7 $14) 16. Rxa4 a6 17. Qe2 (17. c4 Nf4 18.
Bxf4 Bxd4 $11) 17... Bb7 18. Ra3 Qa8 {[%cal Rd5f4,Rd5c3]} 19. Nf3 Rc8 20. Rd1
a5 21. Ne1 Bc6 (21... Qa6 $11) 22. c4 Nb4 23. Be3 Rb7 (23... Ra6 $11) 24. Rda1
Bxg2 25. Rxa5 Qb8 26. Kxg2 (26. Nxg2 Nc6) 26... Nc6 27. Ra8 (27. Rb5 Rxb5 (
27... Ne5) 28. cxb5 Nd4 29. Bxd4 Bxd4 30. Nf3 Qb7 $44) 27... Qc7 ({Die
naheliegende Antwort war} 27... Qxa8 28. Rxa8 Rxa8 $13 {Irgendetwas muß
Todorovic daran nicht gefallen haben.}) 28. Nd3 $16 {Aber nun hat er
anscheinend keinen ausreichenden Ersatz für den P.} h5 29. h4 (29. Rxc8+ Qxc8
30. Ra3 $16) 29... Rxa8 30. Rxa8+ Kh7 31. Qf3 $2 (31. Kh2) 31... Rb3 32. Ra3
Rxd3 33. Rxd3 Ne5 34. Qe2 Qb7+ 35. f3 Nxd3 36. Qxd3 Qxb2+ 37. Bf2 {Nun sieht
die Lage angesichts des reduzierten (gleichen) Materials nicht mehr so
unfreundlich aus. Allerdings schwebt des Gespenst eines Läuferendspiels über
der Stellung, wo der Kh7 weit von dem weißen Freibauern entfernt ist.} Bf8 38.
Qd4 Qb7 39. c5 Kg8 40. Qf6 Qd5 $4 {Hier gab es eine direktere Drohung als das
Endspiel ...} (40... Be7 41. Qe5 Qc8 $14) 41. Bd4 $18 e5 42. Bxe5 Qd2+ 43. Kh3
1-0